| 000 | 00596nam a2200205 i 4500 | ||
|---|---|---|---|
| 001 | 14936 | ||
| 003 | ES-MaACL | ||
| 005 | 20230906150935.0 | ||
| 007 | t| | ||
| 008 | 991119s1981 fr ||||1| fre d | ||
| 020 | _a92-64-22160-3 | ||
| 080 | _a001.891:378.4 | ||
| 080 | _a378.4:001.891 | ||
| 245 | 0 | 2 | _aL'avenir de la recherche universitaire. |
| 260 |
_aParis : _bOCDE, _c1981. |
||
| 300 |
_a86 p. ; _c24 cm. |
||
| 650 | 1 | 4 |
_aUniversidades- _xActividad científica. _917681 |
| 710 | 2 |
_aOrganización de Cooperación y Desarrollo Económico. _9167502 |
|
| 852 |
_aES-MaACL _jL-22148 _bR.112362 |
||
| 999 |
_c14936 _d14936 |
||